Toutes les finales de Ligue des Champions depuis son commencement - Statistiques

Statistiques générales
  • Ce quiz a été pris 395 fois
  • Le résultat moyen est 27 sur 42
Statistiques - réponses
Équipe % Correct
Manchester City
99%
Real Madrid
99%
Bayern Munich
98%
PSG
98%
Inter de Milan
97%
Liverpool FC
97%
AC Milan
95%
Manchester United
95%
Chelsea
94%
Olympique de Marseille
94%
Atlético de Madrid
91%
Borussia Dortmund
91%
FC Barcelone
91%
Juventus
90%
Tottenham
85%
Ajax Amsterdam
83%
Arsenal FC
83%
FC Porto
81%
AS Monaco
79%
Benfica Lisbonne
77%
Stade de Reims
71%
Nottingham Forest FC
69%
PSV Eindhoven
69%
Celtic Glasgow
63%
Valence CF
61%
Bayer Leverkusen
59%
Étoile Rouge de Belgrad
57%
Hambourg SV
56%
Feyenoord Rotterdam
54%
Steaua Bucarest
47%
AS Rome
46%
AS St-Etienne
41%
Fiorentina
24%
Leeds United FC
22%
UC Sampdoria
22%
Eintracht Francfort
21%
Aston Villa FC
19%
Malmö FF
19%
Borussia Mönchengladbach
13%
Panathinaïkos
13%
Partizan Belgrade
10%
Club Brugge
8%
Aucun quiz correspondant
Distribution des résultats
% des personnes avec chaque résultat
Percentile par nombre de réponses
Votre historique - résultats
Vous n’avez pas pris ce quiz